[Event "CP-2013-P-00032"]
[Site "LSS email"]
[Date "2013.09.30"]
[Round "?"]
[White "Kresz, Laszlo"]
[Black "Krabbenbos, Jan"]
[Result "1-0"]
[WhiteElo "2222"]
[BlackElo "1803"]
[PlyCount "57"]
[EventDate "2013.10.01"]
[EventType "tourn (corr)"]
[EventRounds "6"]
[EventCountry "GER"]
[SourceTitle "Corr 2015"]
[Source "ChessBase"]
[SourceDate "2015.07.17"]
[SourceVersion "1"]
[SourceVersionDate "2015.07.17"]
[SourceQuality "1"]

1. d4 Nf6 2. c4 g6 3. Nc3 Bg7 4. e4 d6 5. f3 0-0 6. Be3 e5 7. d5 c6 8. Bd3 cxd5 9. cxd5 Na6 10. Nge2 Bd7 11. Bb5 Nc7 12. Bxd7 Nxd7 13. 0-0 f5 14. Qd3 a6 15. Rac1 Rc8 16. a4 Na8 17. b3 Qa5 18. exf5 gxf5 19. Kh1 Nc5 20. Bxc5 Rxc5 21. g4 fxg4 22. fxg4 Qd8 23. Rxf8+ Bxf8 24. Qf5 Rc7 25. Rf1 Rg7 26. Ng3 Be7 27. Qh5 Rg6 28. Nf5 Qe8 29. Rf3 1-0

[Event "CP-2013-P-00032"]
[Site "LSS email"]
[Date "2013.09.30"]
[Round "?"]
[White "Kresz, Laszlo"]
[Black "Navarro Segura, Roberto"]
[Result "1-0"]
[WhiteElo "2222"]
[BlackElo "1181"]
[PlyCount "49"]
[EventDate "2013.10.01"]
[EventType "tourn (corr)"]
[EventRounds "6"]
[EventCountry "GER"]
[SourceTitle "Corr 2015"]
[Source "ChessBase"]
[SourceDate "2015.07.17"]
[SourceVersion "1"]
[SourceVersionDate "2015.07.17"]
[SourceQuality "1"]

1. d4 d5 2. c4 e6 3. Nf3 Nf6 4. g3 Be7 5. Bg2 0-0 6. 0-0 dxc4 7. Qc2 a6 8. Qxc4 b5 9. Qc2 Bb7 10. Bd2 Be4 11. Qc1 b4 12. Bf4 Nd5 13. Re1 Nxf4 14. Qxf4 Bxf3 15. Bxf3 Ra7 16. a3 Bd6 17. Qe3 bxa3 18. Nxa3 Qe7 19. Nb5 c6 20. Nxa7 Qxa7 21. Qc3 Qb6 22. Rec1 Rc8 23. Ra4 Qc7 24. Rc4 h6 25. Bxc6 1-0

[Event "CP-2013-P-00032"]
[Site "LSS email"]
[Date "2013.09.30"]
[Round "?"]
[White "Ortiz, Manuel"]
[Black "Kresz, Laszlo"]
[Result "1/2-1/2"]
[WhiteElo "2133"]
[BlackElo "2222"]
[PlyCount "75"]
[EventDate "2013.10.01"]
[EventType "tourn (corr)"]
[EventRounds "6"]
[EventCountry "GER"]
[SourceTitle "Corr 2015"]
[Source "ChessBase"]
[SourceDate "2015.07.17"]
[SourceVersion "1"]
[SourceVersionDate "2015.07.17"]
[SourceQuality "1"]

1. c4 g6 2. d4 Bg7 3. Nc3 Nf6 4. e4 d6 5. f3 0-0 6. Be3 c5 7. dxc5 dxc5 8. Qxd8 Rxd8 9. Bxc5 Nc6 10. Be3 b6 11. Rc1 Nd7 12. Nh3 Nc5 13. Nf4 e6 14. Kf2 Ba6 15. Be2 Nb4 16. Rhd1 g5 17. Nfd5 exd5 18. exd5 Bc8 19. a3 Nba6 20. b4 Nb3 21. Rc2 h6 22. Nb5 Bf5 23. Ra2 Rd7 24. Bd3 Bh7 25. Bxh7+ Kxh7 26. Rb1 Nc7 27. Rxb3 Nxb5 28. cxb5 Rxd5 29. a4 Be5 30. Rd2 Rxd2+ 31. Bxd2 Rd8 32. Be3 f5 33. Ke2 Bxh2 34. a5 Rd5 35. axb6 axb6 36. Bxb6 Rxb5 37. Bc5 Kg6 38. Kd3 1/2-1/2

[Event "SM-2013-0-00259"]
[Site "LSS email"]
[Date "2013.06.20"]
[Round "?"]
[White "Kresz, Laszlo"]
[Black "Engelhard, Christof"]
[Result "1/2-1/2"]
[WhiteElo "2299"]
[BlackElo "2231"]
[PlyCount "63"]
[EventDate "2013.06.13"]
[EventType "tourn (corr)"]
[EventRounds "6"]
[EventCountry "GER"]
[SourceTitle "Corr 2022"]
[Source "ChessBase"]
[SourceDate "2021.10.24"]
[SourceVersion "1"]
[SourceVersionDate "2021.10.24"]
[SourceQuality "1"]

1. d4 d5 2. c4 e6 3. Nc3 Nf6 4. Bg5 Be7 5. e3 0-0 6. Nf3 h6 7. Bxf6 Bxf6 8. Rc1 c6 9. Bd3 Nd7 10. 0-0 dxc4 11. Bxc4 e5 12. h3 exd4 13. exd4 Nb6 14. Bb3 Re8 15. Re1 Bf5 16. Rxe8+ Qxe8 17. Qd2 Qd7 18. Re1 Rd8 19. Qf4 Nd5 20. Nxd5 cxd5 21. Ne5 Bxe5 22. Qxe5 Be6 23. Rc1 Rc8 24. Rxc8+ Qxc8 25. g3 Qc1+ 26. Kg2 Qxb2 27. Bxd5 Bxd5+ 28. Qxd5 g6 29. h4 Qe2 30. Qxb7 Qxa2 31. d5 Qd2 32. Qc6 1/2-1/2

[Event "SM-2013-0-00247"]
[Site "LSS email"]
[Date "2013.04.08"]
[Round "?"]
[White "Nemec, Zdenek"]
[Black "Kresz, Laszlo"]
[Result "1/2-1/2"]
[WhiteElo "2161"]
[BlackElo "2229"]
[PlyCount "96"]
[EventDate "2013.03.03"]
[EventType "tourn (corr)"]
[EventRounds "6"]
[EventCountry "GER"]
[SourceTitle "Telechess CBM 163"]
[Source "ChessBase"]
[SourceDate "2014.11.11"]
[SourceVersion "2"]
[SourceVersionDate "2014.11.11"]
[SourceQuality "1"]

1. e4 e5 2. Nf3 Nc6 3. Bb5 a6 4. Ba4 Nf6 5. 0-0 Be7 6. d3 b5 7. Bb3 d6 8. a3 0-0 9. Nbd2 Na5 10. Ba2 c5 11. Re1 Nc6 12. Nf1 Be6 13. Bxe6 fxe6 14. c3 Qd7 15. Ng3 c4 16. Bg5 Na5 17. dxc4 Nxc4 18. b3 Nb6 19. Be3 Rab8 20. h3 a5 21. Qd3 Rfc8 22. Rad1 a4 23. Bxb6 Rxb6 24. b4 Rb7 25. Qc2 Qc6 26. Rd3 Rbc7 27. Ree3 Qe8 28. Rd1 Bf8 29. Red3 Nd7 30. Nf1 Nb6 31. N3d2 h6 32. Nb1 Be7 33. Qe2 Nc4 34. Ne3 Qg6 35. Nxc4 Rxc4 36. Re1 Bh4 37. g3 Be7 38. Kh2 R8c6 39. h4 Bd8 40. Rf3 Bb6 41. Qd3 Qe8 42. Kg2 Kh7 43. Re2 Ba7 44. Nd2 Rxc3 45. Qxb5 Rc1 46. Nf1 Bd4 47. Qxa4 d5 48. Qb5 Rxf1 1/2-1/2

[Event "SM-2012-0-00203"]
[Site "LSS email"]
[Date "2012.06.05"]
[Round "?"]
[White "Baranowski, Tadeusz"]
[Black "Kresz, Laszlo"]
[Result "1/2-1/2"]
[WhiteElo "2279"]
[BlackElo "2237"]
[PlyCount "43"]
[EventDate "2012.05.03"]
[EventType "tourn (corr)"]
[EventRounds "6"]
[EventCountry "GER"]
[SourceTitle "Telechess CBM 161"]
[Source "ChessBase"]
[SourceDate "2014.07.16"]
[SourceVersion "1"]
[SourceVersionDate "2014.07.16"]
[SourceQuality "1"]

1. d4 Nf6 2. c4 e6 3. Nf3 b6 4. Nc3 Bb7 5. a3 d5 6. cxd5 Nxd5 7. Bd2 Nd7 8. Nxd5 exd5 9. Bf4 Nf6 10. e3 Bd6 11. Bxd6 Qxd6 12. Qa4+ c6 13. Qb4 Qc7 14. Bd3 a5 15. Qc3 0-0 16. 0-0 a4 17. Rac1 Ra5 18. Ne5 c5 19. Rfe1 Rd8 20. Bb1 Ne4 21. Qc2 g6 22. Qd1 1/2-1/2

[Event "SM-2012-0-00203"]
[Site "LSS email"]
[Date "2012.06.05"]
[Round "?"]
[White "Kresz, Laszlo"]
[Black "Jarabinsky, Martin"]
[Result "1/2-1/2"]
[WhiteElo "2237"]
[BlackElo "2164"]
[PlyCount "69"]
[EventDate "2012.05.03"]
[EventType "tourn (corr)"]
[EventRounds "6"]
[EventCountry "GER"]
[SourceTitle "Telechess CBM 161"]
[Source "ChessBase"]
[SourceDate "2014.07.16"]
[SourceVersion "1"]
[SourceVersionDate "2014.07.16"]
[SourceQuality "1"]

1. e4 e5 2. Bc4 Nf6 3. d3 Bc5 4. Nf3 Nc6 5. c3 0-0 6. 0-0 d6 7. Bb3 a6 8. h3 h6 9. Re1 Ba7 10. Nbd2 Nh5 11. Nf1 Qf6 12. Be3 Bxe3 13. Nxe3 Nf4 14. Kh2 Ne7 15. Ng1 Bd7 16. Bc2 Rad8 17. Qf3 Qg6 18. d4 Rfe8 19. Rad1 Nh5 20. Ne2 Qg5 21. Rd2 Be6 22. Red1 Rb8 23. g3 Nf6 24. Qg2 Qh5 25. g4 Qg5 26. Qg3 Ng6 27. dxe5 dxe5 28. Ng1 h5 29. Nf3 Qf4 30. gxh5 Nxh5 31. Qxf4 Ngxf4 32. Nxe5 Nxh3 33. Kg2 N5f4+ 34. Kg3 Nh5+ 35. Kg2 1/2-1/2

[Event "SM-2012-0-00195"]
[Site "LSS email"]
[Date "2012.04.03"]
[Round "?"]
[White "Kresz, Laszlo"]
[Black "Skeels, Jim"]
[Result "1/2-1/2"]
[WhiteElo "2239"]
[BlackElo "2158"]
[PlyCount "89"]
[EventDate "2012.03.01"]
[EventType "tourn (corr)"]
[EventRounds "6"]
[EventCountry "GER"]
[SourceTitle "Telechess CBM 159"]
[Source "ChessBase"]
[SourceDate "2014.03.17"]
[SourceVersion "1"]
[SourceVersionDate "2014.03.17"]
[SourceQuality "1"]

1. e4 c6 2. d4 d5 3. Nd2 dxe4 4. Nxe4 Bf5 5. Ng3 Bg6 6. h4 h6 7. Nf3 Nd7 8. h5 Bh7 9. Bd3 Bxd3 10. Qxd3 Ngf6 11. Bd2 e6 12. 0-0-0 Bd6 13. Ne4 Nxe4 14. Qxe4 Nf6 15. Qe2 Qc7 16. Kb1 0-0-0 17. c4 c5 18. Bc3 cxd4 19. Nxd4 a6 20. g3 Rd7 21. Rc1 Kb8 22. a3 Rhd8 23. b4 Bxg3 24. fxg3 Rxd4 25. Bxd4 Rxd4 26. Rhd1 Rxd1 27. Rxd1 Qxg3 28. Rd8+ Ka7 29. Kb2 Qf4 30. Ka2 Ng4 31. Qd3 Ne5 32. Qd4+ Qxd4 33. Rxd4 Kb6 34. Rd8 Kc6 35. Kb3 g5 36. hxg6 Nxg6 37. Rg8 b6 38. Rg7 Ne5 39. Rh7 Kd6 40. Rxh6 a5 41. Kc3 axb4+ 42. axb4 f5 43. Rh4 Nc6 44. Rh1 Ne5 45. Ra1 1/2-1/2

[Event "ZH-2012-0-00707"]
[Site "LSS email"]
[Date "2012.02.02"]
[Round "?"]
[White "Kresz, Laszlo"]
[Black "Daanen, Aard"]
[Result "1/2-1/2"]
[WhiteElo "2216"]
[BlackElo "2191"]
[PlyCount "65"]
[EventDate "2012.01.16"]
[EventType "match (corr)"]
[EventRounds "2"]
[EventCountry "GER"]
[SourceTitle "Telechess CBM 155"]
[Source "ChessBase"]
[SourceDate "2013.07.16"]
[SourceVersion "1"]
[SourceVersionDate "2013.07.16"]
[SourceQuality "1"]

1. d4 Nf6 2. c4 e6 3. Nf3 b6 4. a3 Ba6 5. Qc2 Bb7 6. Nc3 c5 7. e4 cxd4 8. Nxd4 Bc5 9. Nb3 Nc6 10. Bg5 h6 11. Bh4 Nd4 12. Nxd4 Bxd4 13. Bd3 Qb8 14. Bg3 Be5 15. 0-0-0 0-0 16. Kb1 a6 17. Rhe1 b5 18. cxb5 Bxg3 19. hxg3 axb5 20. Bxb5 Rc8 21. Qd3 d5 22. e5 Ng4 23. Qe2 Nxf2 24. Qxf2 Rxc3 25. bxc3 Bc6 26. Re2 Qxb5+ 27. Rb2 Qa4 28. Rd4 Qxa3 29. Rdb4 Qa1+ 30. Kc2 d4 31. Rb8+ Rxb8 32. Rxb8+ Kh7 33. cxd4 1/2-1/2

[Event "SM-2010-0-00122"]
[Site "LSS email"]
[Date "2010.09.19"]
[Round "?"]
[White "Kresz, Laszlo"]
[Black "Deghose, Max"]
[Result "0-1"]
[WhiteElo "2212"]
[BlackElo "2213"]
[PlyCount "78"]
[EventDate "2010.09.02"]
[EventType "tourn (corr)"]
[EventRounds "6"]
[EventCountry "GER"]
[SourceTitle "Telechess CBM 147"]
[Source "ChessBase"]
[SourceDate "2012.03.16"]
[SourceVersion "1"]
[SourceVersionDate "2012.03.16"]
[SourceQuality "1"]

1. e4 c5 2. Nf3 d6 3. d4 cxd4 4. Nxd4 Nf6 5. Nc3 a6 6. Be3 e5 7. Nb3 Be6 8. Qd2 Be7 9. 0-0-0 Nbd7 10. f4 b5 11. Kb1 0-0 12. f5 Bc4 13. Rg1 Bxf1 14. Rgxf1 a5 15. Qd3 a4 16. Nd2 b4 17. Nd5 Nxd5 18. exd5 h6 19. Rf3 Nf6 20. Ne4 Qd7 21. Rc1 Rfc8 22. Rg3 Nh5 23. Bxh6 Qxf5 24. Rf1 Qh7 25. Rh3 Qxh6 26. Qf3 Qf4 27. Rxh5 Qxf3 28. Rxf3 g6 29. Rhh3 f5 30. Ng3 e4 31. Nxf5 gxf5 32. Rxf5 Bf8 33. Re3 Rc4 34. Rf4 Bh6 35. Rg4+ Kh7 36. Re1 Rac8 37. a3 Rxc2 38. axb4 e3 39. Ka2 R8c3 0-1

[Event "SM-2010-0-00108"]
[Site "LSS email"]
[Date "2010.07.04"]
[Round "?"]
[White "Fages, Jorge Juan"]
[Black "Kresz, Laszlo"]
[Result "1-0"]
[WhiteElo "2197"]
[BlackElo "2202"]
[PlyCount "105"]
[EventDate "2010.05.24"]
[EventType "tourn (corr)"]
[EventRounds "6"]
[EventCountry "GER"]
[SourceTitle "Telechess CBM 155"]
[Source "ChessBase"]
[SourceDate "2013.07.16"]
[SourceVersion "1"]
[SourceVersionDate "2013.07.16"]
[SourceQuality "1"]

1. d4 g6 2. e4 Bg7 3. Nc3 d6 4. f4 Nc6 5. Be3 Nf6 6. Nf3 0-0 7. Be2 a6 8. d5 Na7 9. a4 e6 10. dxe6 Bxe6 11. 0-0 Nc6 12. h3 Re8 13. Ng5 Qe7 14. Bf2 Bd7 15. Bc4 Nd8 16. Re1 Bc6 17. f5 Nd7 18. Nf3 Ne5 19. Bb3 gxf5 20. Nd5 Bxd5 21. exd5 b6 22. a5 b5 23. c3 Nb7 24. Bc2 f4 25. b4 Qf6 26. Be4 Nc4 27. Rc1 Qh6 28. Nd4 Bxd4 29. Bxd4 Qh4 30. Re2 Kf8 31. Qf1 Nd2 32. Qe1 Qxe1+ 33. Rcxe1 Nxe4 34. Rxe4 Rxe4 35. Rxe4 c6 36. Bf6 cxd5 37. Re7 Nd8 38. Rd7 Ne6 39. Rxd6 Ng7 40. Rxd5 Re8 41. Kf2 Re6 42. Be5 Rc6 43. Rd6 Rxd6 44. Bxd6+ Ke8 45. c4 bxc4 46. b5 Kd7 47. bxa6 Kc6 48. Bxf4 Ne6 49. Ke3 Nc5 50. a7 Kb7 51. Be5 Nb3 52. Bd4 Nxa5 53. Kd2 1-0

[Event "SM-2010-0-00108"]
[Site "LSS email"]
[Date "2010.07.04"]
[Round "?"]
[White "Kresz, Laszlo"]
[Black "Daanen, Aard"]
[Result "1-0"]
[WhiteElo "2202"]
[BlackElo "2189"]
[PlyCount "105"]
[EventDate "2010.05.24"]
[EventType "tourn (corr)"]
[EventRounds "6"]
[EventCountry "GER"]
[SourceTitle "Telechess CBM 155"]
[Source "ChessBase"]
[SourceDate "2013.07.16"]
[SourceVersion "1"]
[SourceVersionDate "2013.07.16"]
[SourceQuality "1"]

1. e4 e5 2. Nf3 Nf6 3. Nxe5 d6 4. Nf3 Nxe4 5. d4 d5 6. Bd3 Nc6 7. 0-0 Be7 8. Re1 Bg4 9. c4 Nf6 10. Nc3 Bxf3 11. Qxf3 Nxd4 12. Qd1 Ne6 13. cxd5 Nxd5 14. Bb5+ c6 15. Nxd5 cxb5 16. Qb3 0-0 17. Be3 Bc5 18. Rad1 Bxe3 19. Rxe3 Qa5 20. Qc2 Rfe8 21. f4 b4 22. f5 Ng5 23. Ne7+ Kh8 24. f6 Rad8 25. Rd5 Rxd5 26. Nxd5 Rg8 27. fxg7+ Rxg7 28. Nf6 Rg6 29. Re8+ Kg7 30. Nh5+ Kh6 31. Ng3 Ne6 32. Nf5+ Kh5 33. Re7 Qc5+ 34. Qxc5 Nxc5 35. Rxf7 Rg5 36. h4 Rg4 37. Rxh7+ Kg6 38. Rc7 Nd3 39. Ne7+ Kh5 40. b3 Kxh4 41. Rxb7 a6 42. Nc6 Kg3 43. Rf7 Nc1 44. Rf3+ Kh4 45. Rf2 Re4 46. Rc2 Nd3 47. Rd2 Re3 48. Nd4 Re1+ 49. Kh2 Ne5 50. Nf3+ Nxf3+ 51. gxf3 Ra1 52. Rc2 a5 53. Kg2 1-0

[Event "SM-2010-0-00108"]
[Site "LSS email"]
[Date "2010.06.30"]
[Round "?"]
[White "Johansson, Krister"]
[Black "Kresz, Laszlo"]
[Result "1/2-1/2"]
[WhiteElo "2278"]
[BlackElo "2202"]
[PlyCount "64"]
[EventDate "2010.05.24"]
[EventType "tourn (corr)"]
[EventRounds "6"]
[EventCountry "GER"]
[SourceTitle "Telechess CBM 153"]
[Source "ChessBase"]
[SourceDate "2013.03.14"]
[SourceVersion "1"]
[SourceVersionDate "2013.03.14"]
[SourceQuality "1"]

1. e4 c5 2. Nf3 Nc6 3. d4 cxd4 4. Nxd4 Nf6 5. Nc3 e5 6. Ndb5 d6 7. Bg5 a6 8. Na3 b5 9. Bxf6 gxf6 10. Nd5 Bg7 11. Bd3 Ne7 12. Nxe7 Qxe7 13. c4 f5 14. 0-0 0-0 15. Qf3 d5 16. cxd5 fxe4 17. Bxe4 Rb8 18. Rfd1 f5 19. d6 Qf6 20. Bc6 Be6 21. Bd5 Rbd8 22. Qb3 Bf7 23. Nc2 Rxd6 24. Bxf7+ Rxf7 25. Rxd6 Qxd6 26. Ne3 f4 27. Nd5 e4 28. Rc1 Bd4 29. Rd1 Qc5 30. Kf1 Kf8 31. Nc3 Bxc3 32. Rd5 Qb4 1/2-1/2

[Event "LSS SM-2009-0-00059"]
[Site "LSS email"]
[Date "2009.06.09"]
[Round "?"]
[White "Kresz, Laszlo"]
[Black "Narkun, Michal"]
[Result "1-0"]
[WhiteElo "2238"]
[BlackElo "2193"]
[PlyCount "63"]
[EventDate "2009.04.26"]
[EventType "tourn (corr)"]
[EventRounds "6"]
[EventCountry "GER"]
[SourceTitle "Telechess CBM 137"]
[Source "ChessBase"]
[SourceDate "2010.07.15"]
[SourceVersion "1"]
[SourceVersionDate "2010.07.15"]
[SourceQuality "1"]

1. d4 Nf6 2. c4 c5 3. d5 e5 4. Nc3 d6 5. e4 Nbd7 6. g3 a6 7. a4 g6 8. Bg2 Bg7 9. Nge2 0-0 10. Bg5 h6 11. Bd2 h5 12. Bg5 Kh7 13. Qd2 Qc7 14. 0-0 Ng8 15. Qd3 Bh6 16. Be3 Bxe3 17. Qxe3 Qd8 18. f4 exf4 19. gxf4 Nh6 20. Qd3 h4 21. Rae1 Re8 22. Bh3 Nf6 23. Nc1 Nfg4 24. Kh1 Bd7 25. Qf3 Rb8 26. Re2 f5 27. Rfe1 Qf6 28. Nd3 Qd4 29. e5 Kg7 30. Bf1 b5 31. cxb5 c4 32. Nb4 1-0

[Event "LSS SM-2009-0-00059"]
[Site "LSS email"]
[Date "2009.06.08"]
[Round "?"]
[White "Kresz, Laszlo"]
[Black "Kund, Wolfgang"]
[Result "1/2-1/2"]
[WhiteElo "2242"]
[BlackElo "2253"]
[PlyCount "50"]
[EventDate "2009.04.26"]
[EventType "tourn (corr)"]
[EventRounds "6"]
[EventCountry "GER"]
[SourceTitle "Corr 2011"]
[Source "ChessBase"]
[SourceDate "2010.08.31"]
[SourceVersion "1"]
[SourceVersionDate "2010.08.31"]
[SourceQuality "1"]

1. e4 c5 2. Nf3 d6 3. d4 cxd4 4. Nxd4 Nf6 5. Nc3 a6 6. Be3 e5 7. Nb3 Be6 8. f3 Be7 9. Qd2 0-0 10. 0-0-0 Nbd7 11. g4 b5 12. Rg1 Nb6 13. Na5 Qc7 14. g5 Nh5 15. Nd5 Nxd5 16. exd5 Bxd5 17. Qxd5 Qxa5 18. Bd3 g6 19. Be4 Rac8 20. Kb1 Qc7 21. Qb7 Nf4 22. Bxf4 exf4 23. h4 Qxb7 24. Bxb7 Rb8 25. Bd5 Kg7 1/2-1/2

[Event "LSS SH-2007-0-00142"]
[Site "LSS email"]
[Date "2007.09.09"]
[Round "?"]
[White "Bernal Varela, Nelson"]
[Black "Kresz, Laszlo"]
[Result "1/2-1/2"]
[WhiteElo "2181"]
[BlackElo "2223"]
[PlyCount "135"]
[EventDate "2007.09.06"]
[EventType "tourn (corr)"]
[EventRounds "6"]
[EventCountry "GER"]
[SourceTitle "Corr 2015"]
[Source "ChessBase"]
[SourceDate "2015.07.17"]
[SourceVersion "1"]
[SourceVersionDate "2015.07.17"]
[SourceQuality "1"]

1. e4 c5 2. Nf3 d6 3. d4 cxd4 4. Nxd4 Nf6 5. Nc3 a6 6. Be3 e6 7. f3 b5 8. g4 h6 9. Qd2 Nbd7 10. 0-0-0 Bb7 11. a3 Ne5 12. Be2 Rc8 13. h4 Nfd7 14. Nb3 Nb6 15. Na5 Ba8 16. g5 Nbd7 17. Nb3 Nb6 18. gxh6 Nbc4 19. Bxc4 Nxc4 20. Qd3 Nxe3 21. hxg7 Bxg7 22. Qxe3 Qc7 23. Rhg1 Bf6 24. Rd3 Bxh4 25. f4 Bf6 26. Rgd1 Rd8 27. Kb1 Bb7 28. Ka2 Ba8 29. Qg1 Ke7 30. Rf1 Bb7 31. Qa7 Qb8 32. Qe3 Rhg8 33. Na5 Ba8 34. e5 dxe5 35. Qc5+ Ke8 36. Nc6 Qc7 37. Ne4 Be7 38. Rxd8+ Bxd8 39. Nd6+ Kd7 40. fxe5 f5 41. Rd1 Qxc6 42. Nb7+ Kc7 43. Qxc6+ Kxc6 44. Nxd8+ Kc7 45. Nxe6+ Kc8 46. Nf4 a5 47. e6 Bc6 48. Kb3 Rg3+ 49. Rd3 Rg4 50. Rd4 Rg3+ 51. c3 Kc7 52. Kc2 Re3 53. Kd1 Re5 54. b3 Kb6 55. Kc1 Re1+ 56. Kd2 Re5 57. Kc2 Be4+ 58. Kc1 Bc6 59. Kd2 Kc7 60. Kc2 Be4+ 61. Kc1 Bc6 62. Kb2 Kb6 63. b4 axb4 64. axb4 Kc7 65. Kc1 Re1+ 66. Kc2 Re5 67. Kd2 Kb6 68. Kd1 1/2-1/2

[Event "IECG SH.2006.0.00058"]
[Site "IECG email"]
[Date "2006.08.02"]
[Round "?"]
[White "Kovacevic, Antun"]
[Black "Kresz, Laszlo"]
[Result "1/2-1/2"]
[WhiteElo "2074"]
[BlackElo "2228"]
[PlyCount "59"]
[EventDate "2006.08.02"]
[EventType "tourn (corr)"]
[EventRounds "6"]
[SourceTitle "Corr 2008"]
[Source "ChessBase"]
[SourceDate "2008.06.24"]
[SourceVersion "1"]
[SourceVersionDate "2008.06.24"]
[SourceQuality "1"]

1. d4 Nf6 2. c4 e6 3. Nc3 Bb4 4. Qc2 0-0 5. e4 d5 6. e5 Ne4 7. Bd3 c5 8. Nge2 cxd4 9. Nxd4 f5 10. exf6 Nxf6 11. cxd5 Qxd5 12. Be3 Nc6 13. 0-0 Qe5 14. Nxc6 bxc6 15. g3 Qh5 16. Ne4 Ng4 17. h4 h6 18. Bc5 Bxc5 19. Nxc5 Ne5 20. Be4 Nf3+ 21. Bxf3 Qxf3 22. Rfe1 Rb8 23. Re3 Qf6 24. Re2 e5 25. Qc4+ Kh8 26. Rae1 a5 27. Qc3 Bg4 28. Rd2 Rbd8 29. Ne4 Qf5 30. Rxd8 1/2-1/2

[Event "IECG SH.2006.0.00058"]
[Site "IECG email"]
[Date "2006.08.02"]
[Round "?"]
[White "Kresz, Laszlo"]
[Black "Ralls, Richard Nelson"]
[Result "1/2-1/2"]
[WhiteElo "2228"]
[BlackElo "2234"]
[PlyCount "49"]
[EventDate "2006.08.02"]
[EventType "tourn (corr)"]
[EventRounds "6"]
[SourceTitle "Corr 2008"]
[Source "ChessBase"]
[SourceDate "2008.06.24"]
[SourceVersion "1"]
[SourceVersionDate "2008.06.24"]
[SourceQuality "1"]

1. d4 d5 2. c4 e6 3. Nc3 c6 4. e4 dxe4 5. Nxe4 Bb4+ 6. Bd2 Qxd4 7. Bxb4 Qxe4+ 8. Be2 Na6 9. Bd6 Qxg2 10. Qd2 Nf6 11. Bf3 Qg6 12. Ne2 e5 13. 0-0-0 Bg4 14. Bxg4 Nxg4 15. f3 Nf2 16. Bxe5 Nxd1 17. Rxd1 Nc5 18. b4 Qf5 19. Bxg7 Rg8 20. Bc3 Ne6 21. Qd7+ Kf8 22. Qd6+ Ke8 23. Qd7+ Kf8 24. Qd6+ Ke8 25. Qd7+ 1/2-1/2

[Event "IECG SH.2006.0.00058"]
[Site "IECG email"]
[Date "2006.08.02"]
[Round "?"]
[White "Kresz, Laszlo"]
[Black "Wolczek, Stanislaus"]
[Result "1-0"]
[WhiteElo "2228"]
[BlackElo "2196"]
[PlyCount "79"]
[EventDate "2006.08.02"]
[EventType "tourn (corr)"]
[EventRounds "6"]
[SourceTitle "Corr 2008"]
[Source "ChessBase"]
[SourceDate "2008.06.24"]
[SourceVersion "1"]
[SourceVersionDate "2008.06.24"]
[SourceQuality "1"]

1. Nf3 c5 2. e4 Nc6 3. d4 cxd4 4. Nxd4 Nf6 5. Nc3 d6 6. Bg5 e6 7. Qd2 Be7 8. 0-0-0 0-0 9. f4 h6 10. Bh4 Nxe4 11. Bxe7 Nxd2 12. Bxd8 Nxf1 13. Nxc6 bxc6 14. Be7 Re8 15. Rhxf1 Rxe7 16. Rxd6 Bb7 17. Ne4 c5 18. Nxc5 Bxg2 19. Rfd1 e5 20. Rg1 Bf3 21. Rg3 e4 22. Nb3 Rae8 23. Nd4 g6 24. b4 Bh5 25. Re3 f5 26. Kd2 Rc8 27. b5 Rc4 28. Ra3 Rec7 29. Nc6 e3+ 30. Kxe3 Rxc2 31. Rxa7 Rxa7 32. Nxa7 Rxa2 33. b6 Rb2 34. Nc6 Kf8 35. Ne5 Ke8 36. Kd4 Ke7 37. Rc6 Rb1 38. Nxg6+ Bxg6 39. Rxg6 h5 40. Kc5 1-0

[Event "IECG SH.2006.0.00058"]
[Site "IECG email"]
[Date "2006.08.02"]
[Round "?"]
[White "Rahde, Frank"]
[Black "Kresz, Laszlo"]
[Result "1/2-1/2"]
[WhiteElo "2141"]
[BlackElo "2228"]
[PlyCount "33"]
[EventDate "2006.08.02"]
[EventType "tourn (corr)"]
[EventRounds "6"]
[SourceTitle "Corr 2008"]
[Source "ChessBase"]
[SourceDate "2008.06.24"]
[SourceVersion "1"]
[SourceVersionDate "2008.06.24"]
[SourceQuality "1"]

1. e4 c5 2. Nf3 d6 3. d4 cxd4 4. Nxd4 Nf6 5. Nc3 a6 6. Be2 e5 7. Nb3 Be7 8. 0-0 0-0 9. Be3 Be6 10. f4 exf4 11. Bxf4 Nc6 12. Qd2 Rc8 13. Rad1 Ne5 14. Nd4 Qb6 15. Na4 Qc7 16. Nc3 Qb6 17. Na4 1/2-1/2

[Event "IECG OP.2006.0.00039"]
[Site "IECG email"]
[Date "2006.05.10"]
[Round "?"]
[White "Kresz, Laszlo"]
[Black "Starace, Umberto"]
[Result "1/2-1/2"]
[WhiteElo "2227"]
[BlackElo "1961"]
[PlyCount "69"]
[EventDate "2006.05.10"]
[EventType "tourn (corr)"]
[EventRounds "6"]
[SourceTitle "Corr 2008"]
[Source "ChessBase"]
[SourceDate "2008.06.24"]
[SourceVersion "1"]
[SourceVersionDate "2008.06.24"]
[SourceQuality "1"]

1. d4 Nf6 2. c4 e6 3. g3 d5 4. Nf3 Be7 5. Bg2 0-0 6. 0-0 dxc4 7. Qc2 Nc6 8. Qxc4 Qd5 9. Qxd5 exd5 10. Bf4 Bg4 11. Rd1 Nb4 12. a3 Na6 13. Nc3 c6 14. b4 Nb8 15. Ne5 Be6 16. b5 Rc8 17. Rdc1 Nbd7 18. bxc6 bxc6 19. Nxd7 Nxd7 20. e4 Nf6 21. Bg5 h6 22. Bxf6 Bxf6 23. exd5 cxd5 24. Nxd5 Bxd5 25. Bxd5 Rxc1+ 26. Rxc1 Rd8 27. Bb3 Bxd4 28. Rc7 Rf8 29. Rd7 Bc5 30. a4 g5 31. a5 Kg7 32. Kg2 Kg6 33. g4 Kf6 34. Ba2 Kg6 35. Bc4 1/2-1/2

[Event "CFriend SH-2005-0-00037 email"]
[Site "Chessfriend.com"]
[Date "2005.07.19"]
[Round "1"]
[White "Brunsteins, Daniel Bernardo"]
[Black "Kresz, Laszlo"]
[Result "1/2-1/2"]
[WhiteElo "2235"]
[BlackElo "2207"]
[PlyCount "78"]
[EventDate "2005.??.??"]
[EventType "tourn (corr)"]
[EventRounds "8"]
[SourceTitle "Corr 2008"]
[Source "ChessBase"]
[SourceDate "2008.06.24"]
[SourceVersion "1"]
[SourceVersionDate "2008.06.24"]
[SourceQuality "1"]

1. d4 Nf6 2. Nf3 e6 3. Bg5 h6 4. Bxf6 Qxf6 5. e4 d6 6. Nc3 Nd7 7. Qd2 a6 8. 0-0-0 Qe7 9. h4 b5 10. h5 c5 11. Kb1 Qd8 12. Qe3 cxd4 13. Nxd4 Bb7 14. Bd3 Be7 15. f4 Nc5 16. g4 Rc8 17. Nce2 b4 18. Nf3 Qc7 19. Ned4 Nxd3 20. cxd3 Qb6 21. Rhe1 a5 22. Rc1 Rxc1+ 23. Rxc1 0-0 24. Re1 Re8 25. Nf5 Qxe3 26. Nxe7+ Rxe7 27. Rxe3 e5 28. f5 Rc7 29. Nd2 f6 30. a4 d5 31. Nb3 dxe4 32. dxe4 Rc4 33. Nd2 Rd4 34. Kc2 Kf8 35. Re2 Ke7 36. b3 Kd6 37. Re3 Kc5 38. Re1 Ba6 39. Re3 Rd6 1/2-1/2